000
00277nam a2200145Ia 4500
100
_a
Webber/ Rose A/ Irwin
942
_c
BK
654
_a
Management
245
_a
Management
260
_b
none
082
_a
658.8
_b
WEB
300
_a
775
546
_a
ENGLISH
999
_c
21730
_d
21730